| 000 | 00417nam a22001697a 4500 | ||
|---|---|---|---|
| 003 | CEME | ||
| 005 | 20210628205227.0 | ||
| 008 | 210216b xxu||||| |||| 00| 0 eng d | ||
| 020 | _a81-224-0826-5 | ||
| 040 | _c. | ||
| 082 | _a511.33 JOS'A | ||
| 100 |
_aJoshi, K. D _960246 |
||
| 245 | _aApplied discrete structures | ||
| 260 |
_aNEW DELHI _bNEW AGE INTERNATIONAL _c1997 |
||
| 300 | _aXVI, 948P | ||
| 942 |
_cBK _2ddc |
||
| 999 |
_c579997 _d579997 |
||